C - The new cambridge English course Michael Swan, Catherine Walter Student practice 2 key +
保存先:
| 第一著者: | |
|---|---|
| その他の著者: | |
| フォーマット: | 図書 |
| 言語: | English |
| 出版事項: |
New York
Cambridge University Press
1990
|
| 主題: | |
| タグ: |
タグ追加
タグなし, このレコードへの初めてのタグを付けませんか!
|
| Thư viện lưu trữ: | Trung tâm Học liệu Lê Vũ Hùng, Trường Đại học Đồng Tháp |
|---|
| LEADER | 00713pam a22002178a 4500 | ||
|---|---|---|---|
| 001 | 00024295 | ||
| 005 | 20171026081023.0 | ||
| 008 | 110717s1990 ||||||engsd | ||
| 041 | 0 | # | |a eng |
| 082 | 1 | # | |a 428 |b C000TH |
| 100 | 1 | # | |a Swan, Michael |
| 245 | 1 | 0 | |a C - The new cambridge English course |b Michael Swan, Catherine Walter |n Student practice 2 key + |
| 260 | # | # | |a New York |b Cambridge University Press |c 1990 |
| 300 | # | # | |a 134 p. |b ill. |c 24 cm. |
| 650 | |a Bài tập | ||
| 650 | |a Tiếng anh | ||
| 700 | 1 | # | |a Walter, Catherine |
| 852 | # | # | |b Kho đọc |j KD.0008871 |
| 852 | # | # | |j KD.0008871 |
| 910 | # | # | |a Ntuyet |d 17/07/2011 |
| 980 | # | # | |a Trung tâm Học liệu Lê Vũ Hùng, Trường Đại học Đồng Tháp |